| 000 | 00500nam a2200193Ia 4500 | ||
|---|---|---|---|
| 008 | 151119s9999||||xx |||||||||||||| ||und|| | ||
| 082 | _a891.461 | ||
| 082 | _bGKKV29565 | ||
| 100 | _aदिघे अनघा | ||
| 245 | _aसावळ्या रे | ||
| 260 | _a-- | ||
| 260 | _b-- | ||
| 260 | _c0 | ||
| 600 | _aदिघे अनघा | ||
| 630 | _aसावळ्या रे | ||
| 700 | _aदिघे अनघा | ||
| 730 | _aसावळ्या रे | ||
| 942 | _cBOOK | ||
| 999 |
_c1081921 _d1081918 |
||